| 000 | 00384nam a2200145Ia 4500 | ||
|---|---|---|---|
| 008 | 230711s9999||||xx |||||||||||||| ||und|| | ||
| 041 | _aENG | ||
| 082 |
_a5 _bSP-L |
||
| 100 | _aSpencer,Donald D. | ||
| 245 | 0 | _aLearning turbo pascal a worktest | |
| 250 | _a1st Ed. | ||
| 260 |
_c1989 _aNew Delhi _bCBS Publishers & Distributors Pvt.Ltd |
||
| 650 | _aComputer Engineering | ||
| 942 | _cBK | ||
| 999 |
_c1399 _d1399 |
||